<?xml version="1.0" encoding="UTF-8"?>
<record
    xmlns:xsi="http://www.w3.org/2001/XMLSchema-instance"
    xsi:schemaLocation="http://www.loc.gov/MARC21/slim http://www.loc.gov/standards/marcxml/schema/MARC21slim.xsd"
    xmlns="http://www.loc.gov/MARC21/slim">

  <leader>02363nab a2200361uuc4500</leader>
  <controlfield tag="001">1486261</controlfield>
  <controlfield tag="005">20250226091607.0</controlfield>
  <controlfield tag="008">180221e20161210                    spa  </controlfield>
  <datafield tag="035" ind1=" " ind2=" ">
    <subfield code="a">1486261</subfield>
  </datafield>
  <datafield tag="040" ind1=" " ind2=" ">
    <subfield code="c">comduadb</subfield>
  </datafield>
  <datafield tag="041" ind1=" " ind2=" ">
    <subfield code="a">spa</subfield>
  </datafield>
  <datafield tag="100" ind1="1" ind2="0">
    <subfield code="a">S&#xE1;nchez Zambrano, Diego Fernando</subfield>
    <subfield code="4">aut</subfield>
    <subfield code="e">aut</subfield>
    <subfield code="9">768384</subfield>
  </datafield>
  <datafield tag="245" ind1="1" ind2="3">
    <subfield code="a">El enfoque sist&#xE9;mico como herramienta de an&#xE1;lisis de un artefacto electr&#xF3;nico, caso de estudio: "IPod Nano de s&#xE9;ptima generaci&#xF3;n"</subfield>
  </datafield>
  <datafield tag="520" ind1="3" ind2=" ">
    <subfield code="a">El presente art&#xED;culo muestra c&#xF3;mo el enfoque sist&#xE9;mico, siendo una herramienta de dise&#xF1;o de productos, puede analizar objetos existentes en cuanto a forma, funci&#xF3;n y ergonom&#xED;a, comprendiendo al mismo tiempo los distintos elementos que componen el producto los cuales se convierten en factores integradores del dise&#xF1;o. Convirti&#xE9;ndolo en una herramienta de posibles mejoras en el producto, dando la oportunidad de un redise&#xF1;o. El estudio toma en cuenta diversas herramientas que sirven para el redise&#xF1;o de productos, comparando los m&#xE9;todos con el propuesto. Como unidad de estudio, se tom&#xF3; un artefacto electr&#xF3;nico -IPod de 7ma generaci&#xF3;n-, recalcando las caracter&#xED;sticas m&#xE1;s importantes de &#xE9;ste producto espec&#xED;ficamente, relacion&#xE1;ndolo con: la geometr&#xED;a exterior e interior, las prestaciones y todas las particularidades de dise&#xF1;o. El principal hallazgo el cual a mencionar es que el enfoque sist&#xE9;mico integra las pr&#xE1;cticas de los m&#xE9;todos expuestos, es una metodolog&#xED;a completa para el an&#xE1;lisis y estudio del artefacto electr&#xF3;nico.</subfield>
  </datafield>
  <datafield tag="650" ind1=" " ind2=" ">
    <subfield code="a">Enfoque sist&#xE9;mico</subfield>
    <subfield code="9">195223</subfield>
  </datafield>
  <datafield tag="650" ind1=" " ind2=" ">
    <subfield code="a">Dispositivos el&#xE9;ctricos</subfield>
    <subfield code="9">55203</subfield>
  </datafield>
  <datafield tag="650" ind1=" " ind2=" ">
    <subfield code="a">Dispositivos m&#xF3;viles</subfield>
    <subfield code="9">166817</subfield>
  </datafield>
  <datafield tag="650" ind1=" " ind2=" ">
    <subfield code="a">Celulares</subfield>
    <subfield code="9">71023</subfield>
  </datafield>
  <datafield tag="650" ind1=" " ind2=" ">
    <subfield code="a">ipod</subfield>
    <subfield code="9">161171</subfield>
  </datafield>
  <datafield tag="650" ind1=" " ind2="7">
    <subfield code="a">Funciones</subfield>
    <subfield code="2">lemb</subfield>
    <subfield code="9">1389</subfield>
  </datafield>
  <datafield tag="650" ind1=" " ind2="7">
    <subfield code="a">Ergonom&#xED;a</subfield>
    <subfield code="2">lemb</subfield>
    <subfield code="9">173773</subfield>
  </datafield>
  <datafield tag="650" ind1=" " ind2=" ">
    <subfield code="a">Forma</subfield>
    <subfield code="9">109332</subfield>
  </datafield>
  <datafield tag="650" ind1=" " ind2="7">
    <subfield code="a">Diagn&#xF3;stico</subfield>
    <subfield code="2">dcs</subfield>
    <subfield code="9">44210</subfield>
  </datafield>
  <datafield tag="650" ind1=" " ind2=" ">
    <subfield code="a">Herramienta tecnol&#xF3;gica</subfield>
    <subfield code="9">212541</subfield>
  </datafield>
  <datafield tag="650" ind1=" " ind2="7">
    <subfield code="a">Dise&#xF1;o de productos</subfield>
    <subfield code="2">lemb</subfield>
    <subfield code="9">4623</subfield>
  </datafield>
  <datafield tag="650" ind1=" " ind2="7">
    <subfield code="a">Innovaciones tecnol&#xF3;gicas</subfield>
    <subfield code="2">lemb</subfield>
    <subfield code="9">4465</subfield>
  </datafield>
  <datafield tag="650" ind1=" " ind2=" ">
    <subfield code="a">Sector electronico</subfield>
    <subfield code="9">71058</subfield>
  </datafield>
  <datafield tag="650" ind1=" " ind2="7">
    <subfield code="a">Desarrollo cient&#xED;fico y tecnol&#xF3;gico</subfield>
    <subfield code="2">armarc</subfield>
    <subfield code="9">568</subfield>
  </datafield>
  <datafield tag="650" ind1=" " ind2=" ">
    <subfield code="a">Ingenier&#xED;a inversa</subfield>
    <subfield code="9">4460</subfield>
  </datafield>
  <datafield tag="700" ind1="1" ind2="0">
    <subfield code="a">Mayorga Torres, &#xD3;scar</subfield>
    <subfield code="4">aut</subfield>
    <subfield code="e">aut</subfield>
    <subfield code="9">623272</subfield>
  </datafield>
  <datafield tag="773" ind1="0" ind2=" ">
    <subfield code="t">DYNA (Medell&#xED;n)</subfield>
    <subfield code="g">Volumen 083, N&#xFA;mero 199, Diciembre 2016, 140-147</subfield>
    <subfield code="w">188384</subfield>
    <subfield code="x">0012-7353</subfield>
    <subfield code="0">82258</subfield>
  </datafield>
  <datafield tag="942" ind1=" " ind2=" ">
    <subfield code="c">ARIMP</subfield>
  </datafield>
  <datafield tag="999" ind1=" " ind2=" ">
    <subfield code="c">773177</subfield>
    <subfield code="d">773177</subfield>
  </datafield>
</record>
